Tourism and sustainability : (Record no. 21201)
[ view plain ]
| 000 -LEADER | |
|---|---|
| fixed length control field | 00672nam a2200217 a 4500 |
| 005 - DATE AND TIME OF LATEST TRANSACTION | |
| control field | 20140310183313.0 |
| 008 - FIXED-LENGTH DATA ELEMENTS--GENERAL INFORMATION | |
| fixed length control field | 051017s19uu xx 00 eng d |
| 020 ## - INTERNATIONAL STANDARD BOOK NUMBER | |
| International Standard Book Number | 9780415271691 |
| 050 ## - LIBRARY OF CONGRESS CALL NUMBER | |
| Classification number | G 155.D44 |
| Item number | .M69 2003 |
| 100 ## - MAIN ENTRY--PERSONAL NAME | |
| Personal name | Mowforth, Martin |
| 245 ## - TITLE STATEMENT | |
| Title | Tourism and sustainability : |
| Remainder of title | development and new tourism in the third world / |
| Statement of responsibility, etc | Martin Mowforth and Ian Munt. |
| 250 ## - EDITION STATEMENT | |
| Edition statement | 2nd ed. |
| 260 ## - PUBLICATION, DISTRIBUTION, ETC. (IMPRINT) | |
| Place of publication, distribution, etc | LOndon : |
| Name of publisher, distributor, etc | Routledge, |
| Date of publication, distribution, etc | 2003. |
| 300 ## - PHYSICAL DESCRIPTION | |
| Extent | 338 p. : |
| Dimensions | 26 cm. |
| 521 ## - TARGET AUDIENCE NOTE | |
| Target audience note | |
| 650 ## - SUBJECT ADDED ENTRY--TOPICAL TERM | |
| Topical term or geographic name as entry element | Tourism |
| General subdivision | Developing countries. |
| 650 ## - SUBJECT ADDED ENTRY--TOPICAL TERM | |
| Topical term or geographic name as entry element | Sustainable development |
| General subdivision | Developing countries. |
| 700 ## - ADDED ENTRY--PERSONAL NAME | |
| Personal name | Munt, Ian |
| 942 ## - ADDED ENTRY ELEMENTS (KOHA) | |
| Koha item type | Books |
| Source of classification or shelving scheme | Library of Congress Classification |
| Call number prefix | Foreign |
| Withdrawn status | Lost status | Source of classification or shelving scheme | Damaged status | Home library | Current library | Shelving location | Date acquired | Source of acquisition | Cost, normal purchase price | Total Checkouts | Full call number | Barcode | Date last seen | Copy number | Price effective from | Koha item type |
|---|---|---|---|---|---|---|---|---|---|---|---|---|---|---|---|---|
| Library of Congress Classification | College Library | College Library | General Circulation Section | 07/21/2010 | 3211.00 | G 155.D44 .M69 2003 | C6282 | 05/15/2018 | 1 | 10/10/2013 | Books |